000 01045nam a22002657a 4500
005 20170124103101.0
010 _aA-592684
020 _c55.00
035 _aA-592684
037 _bCen Lib/Ret
040 _aDPL
_bHN
082 _a
_bसिद्धार्थ
100 _aसिद्धार्थ
_976869
245 _aसिद्धार्थ /
_cअनुवादक महावीर अधिकारी
246 _aSidharath /
_banuvadak Mahaveer Adhikari
260 _aदिल्ली
_bआत्माराम एंड संस
_c1992
270 _aकश्मीरी गेट
_b दिल्ली
_e110006
300 _a143पृ.
_c16सेमी (सजिल्द)
650 _a साहित्य--कथा
_942948
650 _aस्विस --उपन्यास
_976870
650 _a Literature--Fiction
_976871
650 _aSwis- Novel
_976872
700 _aअधिकारी, महावीर
_976873
942 _2ddc
_cHN
_h
_mसिद्धार्थ
999 _c117800
_d117800